000 00610nam a2200217Ia 4500
005 20241129110908.0
008 241129s9999||||xx |||||||||||||| ||und||
020 _a978-93-5520-363-2
037 _aTB
040 _aCRL
_beng
_cCRL
041 _aeng
_2eng
084 _aV2y7N50 R2
_qCRL
100 _aBluekraft Digital Foundation Ed.
245 0 _aModi 20 : dreams meet delivery
_cBluekraft Digital Foundation Ed.
260 _aNew Delhi, India
_bRupa
_c2022
300 _axviii,439p.
365 _aINR
_b895
650 _a History
942 _cTB
_hV2y7N50 R2
999 _c1227997
_d1227997